000 00484nam a2200181Ia 4500
003 GCL
008 140319s9999 xx 000 0 eng d
040 _aGCL /
_cGCL
082 0 4 _a620.106
_bD S
100 1 _aDOUGLAS, J. F.
245 1 0 _aSOLVING PROBLEMS IN FLUID MECHANICS. VOL. 1 /
_cDOUGLAS, J. F.
260 _a[S.N] :
_bELBS
300 _a263\P
650 0 4 _aالتحليل الرياضى
650 0 4 _aMECHANICS ENGINEERING
650 0 4 _aFLUID MECHANICS
942 _2ddc
_cBK
999 _c19942
_d19942